The effect of methionine supplementation in concentrate feed on groeth ratwe of broiler at the animal experiment station of royal university of agriculture, ០ទ្ធិពលនៃការប្រ់ប្រាស់មេត្យូនីននៅក្នុងំណីCPទៅលើការលូតលាស់របស់មាន់សាច់ នៅក្នុងស្ថានីយ៍ចិញ្ចឹមសត្វនៃសាកលវិទ្យាល័យភូមិន្ទកសិកម្ម (Record no. 2025)
[ view plain ]
| 000 -LEADER | |
|---|---|
| fixed length control field | 00884nam a22001577a 4500 |
| 003 - CONTROL NUMBER IDENTIFIER | |
| control field | OSt |
| 005 - DATE AND TIME OF LATEST TRANSACTION | |
| control field | 20151006133425.0 |
| 008 - FIXED-LENGTH DATA ELEMENTS--GENERAL INFORMATION | |
| fixed length control field | 151006b xxu||||| |||| 00| 0 eng d |
| 040 ## - CATALOGING SOURCE | |
| Transcribing agency | RUA |
| 082 ## - DEWEY DECIMAL CLASSIFICATION NUMBER | |
| Classification number | AVM ENG 2006 B076 Or.1 |
| 100 ## - MAIN ENTRY--PERSONAL NAME | |
| 9 (RLIN) | 2154 |
| Personal name | ENG, KANIL. |
| 245 ## - TITLE STATEMENT | |
| Title | The effect of methionine supplementation in concentrate feed on groeth ratwe of broiler at the animal experiment station of royal university of agriculture, ០ទ្ធិពលនៃការប្រ់ប្រាស់មេត្យូនីននៅក្នុងំណីCPទៅលើការលូតលាស់របស់មាន់សាច់ នៅក្នុងស្ថានីយ៍ចិញ្ចឹមសត្វនៃសាកលវិទ្យាល័យភូមិន្ទកសិកម្ម |
| 260 ## - PUBLICATION, DISTRIBUTION, ETC. (IMPRINT) | |
| Place of publication, distribution, etc. | Phnom Penh |
| Name of publisher, distributor, etc. | RUA |
| Date of publication, distribution, etc. | 2006 |
| 300 ## - PHYSICAL DESCRIPTION | |
| Extent | 40p. |
| Other physical details | ill. |
| Dimensions | 29cm. |
| 942 ## - ADDED ENTRY ELEMENTS (KOHA) | |
| Source of classification or shelving scheme | |
| Koha item type | AVM |
| Price effective from | Date last seen | Permanent Location | Not for loan | Date acquired | Source of classification or shelving scheme | Koha item type | Lost status | Withdrawn status | Date last checked out | Total Checkouts | Shelving location | Damaged status | Barcode | Current Location | Full call number |
|---|---|---|---|---|---|---|---|---|---|---|---|---|---|---|---|
| 2015-10-06 | 2024-02-20 | Library Block B | 2015-10-06 | AVM | 2024-01-22 | 1 | B076 | RUA008418 | Library Block B | AVM ENG 2006 B076 Or.1 | |||||
| 2015-10-06 | 2015-10-06 | Library Block B | 2015-10-06 | AVM | B076 | RUA007663 | Library Block B | AVM ENG 2006 B076 Or.2 | |||||||
| 2015-10-06 | 2017-10-04 | Library Block B | 2015-10-06 | AVM | 2017-09-26 | 1 | B076 | RUA007759 | Library Block B | AVM ENG 2006 B076 Or.3 | |||||
| 2015-10-06 | 2017-02-10 | Library Block B | 2015-10-06 | AVM | 2017-02-08 | 3 | B076 | RUA007745 | Library Block B | AVM ENG 2006 B076 Or.4 | |||||
| 2015-10-07 | 2020-07-22 | Library Block B | 2015-10-07 | AVM | 2020-06-26 | 3 | RUA027721 | Library Block B | AVM ENG 2006 B076 Or.5 |